The effect to otitis media with effusion on the masking-level fifference and the auditory brainstem response (Record no. 67129)

MARC details
000 -CABECERA
campo de control de longitud fija 00672nam a2200217 a 4500
005 - FECHA Y HORA DE LA ÚLTIMA TRANSACCIÓN
campo de control 20210219153041.0
008 - ELEMENTOS DE LONGITUD FIJA--INFORMACIÓN GENERAL
campo de control de longitud fija 991125n 000 0 u
035 ## - NÚMERO DE CONTROL DEL SISTEMA
Número de control de sistema UPN01000074793
100 ## - ASIENTO PRINCIPAL--NOMBRE PERSONAL
Nombre de persona Hall, Joseph, W.
222 ## - TÍTULO CLAVE
Título clave JOURNAL OF SPEECH, LANGUAGE, AND HEARING RESEARCH
245 ## - MENCIÓN DE TÍTULO
Título The effect to otitis media with effusion on the masking-level fifference and the auditory brainstem response
300 ## - DESCRIPCIÓN FÍSICA
Extensión 210-217
362 ## - FECHAS DE PUBLICACIÓN Y/O DESIGNACIÓN SECUENCIAL
Fecha de publicación y/o designación secuencial 36, No. 1, 1993
505 ## - NOTA DE CONTENIDO CON FORMATO PREESTABLECIDO
Nota de contenido con formato Agosto 1993
653 0# - TERMINO DE INDIZACION - NO CONTROLADO
Término no controlado ENFERMEDAD CRONICA
653 0# - TERMINO DE INDIZACION - NO CONTROLADO
Término no controlado IMPEDIMENTOS NEUROLOGICOS
653 0# - TERMINO DE INDIZACION - NO CONTROLADO
Término no controlado PERCEPCION AUDITIVA
700 ## - ASIENTO SECUNDARIO--NOMBRE DE PERSONAL
Nombre de persona Grose, John H.
904 ## - ELEMENTOS DE DATOS D LOCAL, LDD (RLIN)
a AC
b 012604
905 ## - TIPO DE MATERIAL
Tipo de material Articulo

No items available.